Giotto

Gespeichert in:
Bibliographische Detailangaben
1. Verfasser: Fry, Roger Eliot (VerfasserIn)
Format: Buch
Sprache:Spanisch
Veröffentlicht: Madrid Casimiro Libros 2011
Schlagworte:
Tags: Tag hinzufügen
Keine Tags, Fügen Sie den ersten Tag hinzu!

MARC

LEADER 00000cam a2200000 a 4500
001 UCF5541
003 CL-VaPUC
008 130318e20110000SP |||||||||||||||||spa|d
020 |a 9788493864187 
082 0 4 |a 759.02  |b FRY  |2 21 
100 0 |a Fry, Roger Eliot  |e author  |9 567481 
245 1 0 |a Giotto 
300 |a 69 p 
942 |c BK 
945 |d 20130318 00:00:00  |a dcastane 
260 |a Madrid  |b Casimiro Libros  |c 2011 
650 0 |a Pintura italiana  |9 265293 
650 0 |a Pintores italianos  |9 265277 
650 0 |a Renacimiento  |9 255107 
583 |a last modification  |c 20180522 09:12:01  |k Rodrigo Vera 
999 |c 351040  |d 351038 
952 |0 0  |1 0  |4 0  |6 759_020000000000000_FRY_2011  |7 0  |8 A  |9 454913  |a BIBART  |b BIBART  |d 2019-11-22  |i 495422K  |o 759.02 FRY 2011  |p 495422K  |r 2025-03-13  |w 2019-11-22  |y BK  |k ART